000 00263nam a22001217a 4500
008 180307b xxu||||| |||| 00| 0 eng d
041 _aeng
080 _a621
100 _a27
101 _amac
245 _aengineering analysis
_cstephen.h.c
942 _2udc
_cBK
999 _c44265
_d44265